ბათუმის შოთა რუსთაველის სახელმწიფო უნივერსიტეტის ბიბლიოთეკა

Public papers of the presidents of the United States Gerard R. Ford. I (ბიბ.ჩანაწერი № 50862)

000 -LEADER
fixed length control field 01150nam a2200205Ia 4500
001 - CONTROL NUMBER
control field 17817
003 - CONTROL NUMBER IDENTIFIER
control field GE_BSU
005 - DATE AND TIME OF LATEST TRANSACTION
control field 20200224155950.0
008 - FIXED-LENGTH DATA ELEMENTS--GENERAL INFORMATION
fixed length control field 181216s1977en xx |||||||||||||| ||eng||
040 ## - CATALOGING SOURCE
Transcribing agency GE_BSU
080 ## - UNIVERSAL DECIMAL CLASSIFICATION NUMBER
Universal Decimal Classification number 353.03(73) P-97
245 ## - TITLE STATEMENT
Title Public papers of the presidents of the United States Gerard R. Ford. I
Remainder of title Containing the Public Message, Speeches, and Statements of the President. 1975 (in two books) Book I-january 1 to july 17, 1975
264 ## - PRODUCTION, PUBLICATION, DISTRIBUTION, MANUFACTURE, AND COPYRIGHT NOTICE
Place of production, publication, distribution, manufacture Washington :
Name of producer, publisher, distributor, manufacturer United States government printing office,
Date of production, publication, distribution, manufacture, or copyright notice 1977.
300 ## - PHYSICAL DESCRIPTION
Extent 1004 p.:
Other physical details ill ;
Dimensions 26 cm.
653 ## - INDEX TERM--UNCONTROLLED
keyword Containing the Public Message, Speeches, and Statements of the President. 1975 (in two books) Book I-january 1 to july 17, 1975
653 ## - INDEX TERM--UNCONTROLLED
keyword Public papers of the presidents of the United States Gerard R. Ford
653 ## - INDEX TERM--UNCONTROLLED
keyword შეერთებული შტატების პრეზიდენტების ჯერალდ რ ფორდის საჯარო ნაშრომები.
653 ## - INDEX TERM--UNCONTROLLED
keyword სახელმწიფო ადმინი9სტრაციული მმართველობა
942 ## - ADDED ENTRY ELEMENTS (KOHA)
Koha item type წიგნი
Source of classification or shelving scheme
ეგზემპლარები
Withdrawn status Lost status Source of classification or shelving scheme Damaged status Not for loan Permanent Location Current Location Shelving location Date acquired Full call number Barcode Date last seen Copy number Price effective from Koha item type
          ბათუმის შოთა რუსთაველის სახელმწიფო უნივერსიტეტის მთავარი ბიბლიოთეკა ბათუმის შოთა რუსთაველის სახელმწიფო უნივერსიტეტის მთავარი ბიბლიოთეკა წიგნსაცავი 2018-12-17 353.03(73) P-97 45691 2018-12-17 45691 2018-12-17 წიგნი